000 00568nam a22001937a 4500
003 OSt
005 20260422062023.0
008 260422b |||||||| |||| 00| 0 eng d
020 _a97108-5883-1
040 _a DWC-Main Lib.
_cOC
082 _aFil. 170 C889c 1995
100 _aCruz, Corazon L.
245 _aContemporary ethics,
_b3rd ed. /
_cCorazon L. Cruz
250 _a3rd ed.
260 _aPhilippines:
_bNational book store,
_cc1995.
300 _avii 272 p. ;
_c22 cm.
500 _aInclude bibliography and index.
942 _2ddc
_cBK - FIL
_hFil.
_n0
999 _c9697
_d9697